A MAGYAR KIS- ÉS KÖZÉPVÁLLALKOZÁSOK EXPORTPIACRA JUTÁSÁNAK NEHÉZSÉGEI (EGY HAZAI VÁLLALKOZÁS PÉLDÁJA)

Bibliographic Details
Main Author: Gulyás Tibor
Other Authors: Farkas Dr. habil. Szilveszter
Format: Thesis
Kulcsszavak:Export tevékenységek
KKV
Ásványvíz
Online Access:http://dolgozattar.uni-bge.hu/17391

MARC

LEADER 00000nta a2200000 i 4500
001 dolg17391
005 20180517084444.0
008 180517suuuu hu om 000 hun d
040 |a BGE Dolgozattár Repozitórium  |b hun 
041 |a hu 
100 1 |a Gulyás Tibor 
245 1 2 |a A MAGYAR KIS- ÉS KÖZÉPVÁLLALKOZÁSOK EXPORTPIACRA JUTÁSÁNAK NEHÉZSÉGEI (EGY HAZAI VÁLLALKOZÁS PÉLDÁJA)  |c Gulyás Tibor  |h [elektronikus dokumentum] 
695 |a Export tevékenységek 
695 |a KKV 
695 |a Ásványvíz 
700 1 |a Farkas Dr. habil. Szilveszter  |e ths 
856 4 0 |u http://dolgozattar.uni-bge.hu/17391/1/Szakdolgozat_Repozit%C3%B3rium_Guly%C3%A1s%20Tibor_dcfmfa.pdf  |z Dokumentum-elérés